Marcas que começam com M - Statistics

Estatísticas Gerais
  • Esse quiz foi jogado 56 vezes
    53 desde o último reset
  • A pontuação média é 4 de 42
Estatísticas das Respostas
Hint Resposta % Correto
7. McDonald's
57%
32. Motorola
39%
5. M.A.C.
36%
29. Mitsubishi
36%
3. Mercedes-Benz
32%
1. Magnum
27%
25. Microsoft
27%
21. Mazda
25%
4. M&M’s
18%
16. Marvel
16%
17. Maserati
11%
26. Michelin
11%
41. Monster
11%
27. Mini
9%
30. Montblanc
9%
2. Mango
7%
37. Marlboro
7%
20. MasterCard
7%
22. Mentos
7%
38. Malibu
5%
15. Martini
5%
42. Mattel
5%
6. Maizena
2%
12. Marc Jacobs
2%
40. Mercado Livre
2%
24. Michael Kors
2%
10. Milka
2%
28. Monopoly
2%
31. Moschino
2%
34. MSN
2%
36. Myspace
2%
11. Makro
0%
13. Malaysia Airlines
0%
14. Mars
0%
18. Massimo Dutti
0%
39. Matchbox
0%
9. Merci
0%
33. Modalfa
0%
19. Mon Cheri
0%
23. Montepio
0%
43. Mr. Clean
0%
35. MTV
0%
Nenhum quiz correspondente encontrado
Distribuição das Pontuações
Porcentagem de Pessoas com Cada Pontuação
Percentil de Números Respondidos
Sua Pontuação Histórica
Você não jogou esse quiz desde o último reset